000
00261nam a22000977a 4500
008
231128b |||||||| |||| 00| 0 eng d
082
_a
A - N /
_b
WILR6
100
_a
Wilde, Oscar
_e
Autor
_9
41972
245
_a
El retrato de dorian gray
_c
Oscar Wilde
942
_2
ddc
999
_c
30449
_d
16833